|
|
|
|
| LEADER |
00000nam2a2200000 4500 |
| 001 |
356029 |
| 005 |
20231102010844.0 |
| 010 |
|
|
|b 1000 экз.
|
| 035 |
|
|
|a (RuTPU)RU\TPU\retro\13289
|
| 035 |
|
|
|a RU\TPU\retro\13150
|
| 090 |
|
|
|a 356029
|
| 100 |
|
|
|a 20200714d1945 k y0rusy50 ca
|
| 101 |
0 |
|
|a rus
|
| 102 |
|
|
|a RU
|
| 105 |
|
|
|a a l 001zy
|
| 200 |
0 |
|
|a Инструменты и приборы измерительные
|e класс 0, сектор 5
|
| 210 |
|
|
|d 1945
|
| 215 |
|
|
|a 78 с.
|c ил.
|
| 300 |
|
|
|a Подписано к печати 31/III 1945 г.
|
| 320 |
|
|
|9 572
|a Алф. указ.: с. 70-77
|
| 461 |
|
1 |
|0 (RuTPU)RU\TPU\retro\13149
|t Классификация и система обозначения чертежей, инструментов и материалов
|f разработано Центральным Бюро Стандартизации и Взаимозаменяемости 8-го Государственного проектного института НКТП ; ред. И. М. Иткин
|v Инструменты и приборы измерительные. Класс 0, сектор 5
|d [1943-]
|s Нормали Наркомата ; 02
|
| 606 |
1 |
|
|a Измерительные инструменты
|2 stltpush
|3 (RuTPU)RU\TPU\subj\12269
|9 39082
|
| 606 |
1 |
|
|a Измерительные приборы
|2 stltpush
|3 (RuTPU)RU\TPU\subj\12270
|9 39083
|
| 610 |
1 |
|
|a организация предприятия
|
| 610 |
1 |
|
|a технологическая документация
|
| 610 |
1 |
|
|a классификаторы
|
| 610 |
1 |
|
|a индексы
|
| 610 |
1 |
|
|a группы
|
| 610 |
1 |
|
|a виды
|
| 610 |
1 |
|
|a линейки
|
| 610 |
1 |
|
|a угольники
|
| 610 |
1 |
|
|a призмы
|
| 610 |
1 |
|
|a нутромеры
|
| 610 |
1 |
|
|a микрометры
|
| 610 |
1 |
|
|a угломеры
|
| 610 |
1 |
|
|a глубиномеры
|
| 610 |
1 |
|
|a калибры
|
| 610 |
1 |
|
|a щупы
|
| 610 |
1 |
|
|a лупы
|
| 610 |
1 |
|
|a индикаторы
|
| 610 |
1 |
|
|a делительные устройства
|
| 610 |
1 |
|
|a машины
|
| 610 |
1 |
|
|a проекционные приборы
|
| 610 |
1 |
|
|a коллекция: 1941-1945 гг.
|
| 610 |
1 |
|
|a Великая Отечественная война 1941-1945
|
| 675 |
|
|
|a 681.2.002:658.56
|v 4
|
| 675 |
|
|
|a 681.2.002
|v 4
|
| 801 |
|
1 |
|a RU
|b 63413507
|c 20200708
|
| 801 |
|
2 |
|a RU
|b 63413507
|c 20200803
|g RCR
|
| 942 |
|
|
|c BK
|